Sid Meier's Civilization 1 - Ultimate quiz - Statistics

General Stats
  • This quiz has been taken 146 times
  • The average score is 58 of 265
Answer Stats
ANSWER % Correct
Americans
76%
Romans
76%
Russians
75%
Washington
75%
Chinese
71%
Abraham Lincoln
70%
English
70%
Germans
70%
Greeks
70%
Rome
70%
Aztecs
69%
French
69%
London
69%
New York
67%
Moscow
66%
Egyptians
65%
Paris
65%
Elizabeth I
64%
Athens
60%
Berlin
60%
Napoleon Bonaparte
60%
Babylon
59%
Indians
58%
Babylonians
54%
Julius Caesar
54%
Mao Tse-tung
54%
Zulus
54%
Josef Stalin
52%
Alexander the Great
51%
Boston
51%
Montezuma
51%
The Pyramids
51%
Mongols
50%
Philadelphia
50%
Mountains
49%
Ocean
49%
Desert
48%
Hills
48%
Delhi
47%
Mahatma Karamachand Gandhi
47%
Sparta
47%
Peking
46%
Plains
46%
Shanghai
45%
River
43%
River II
43%
Shaka
43%
Hamburg
42%
Leningrad
42%
The Hanging Gardens
41%
The Great Wall
40%
Forest
38%
Tenochtitlan
37%
Tundra
37%
Thebes
36%
Birmingham
35%
Genghis Khan
35%
Bomber
34%
Hammurabi
34%
Library
34%
Fighter
32%
Barracks
31%
Battleship
31%
Frankfurt
31%
Frederick the Great
31%
Granary
31%
Bombay
30%
Jungle
30%
The Colossus
30%
The Great Library
30%
Trireme
30%
Nuclear
29%
The Lighthouse
29%
Cavalry
28%
Temple
28%
Atlanta
27%
Calcutta
27%
Memphis
27%
Writing
27%
Swamp
26%
Orleans
25%
Pottery
25%
Ramesses II
25%
Chariot
24%
Phalanx
24%
Armor
23%
Grasslands
23%
Grasslands II
23%
Iron Working
23%
Mathematics
23%
University
23%
Aqueduct
22%
Bronze Working
22%
City Walls
22%
Frigate
22%
Kiev
21%
Minsk
21%
Bangalore
20%
Oracle
20%
Submarine
20%
Catapult
19%
Fish (Ocean)
19%
Gold (Mountains)
19%
Knights
19%
Madras
19%
Militia
19%
Musketeers
19%
Bank
18%
Canton
18%
Carrier
18%
Coventry
18%
Marketplace
18%
Sail
18%
Settlers
18%
Cathedral
17%
Democracy
17%
Monarchy
17%
Nottingham
17%
Carthage
16%
Colosseum
16%
Corinth
16%
Gunpowder
16%
Karakorum
16%
Sumer
16%
Bremen
15%
Cannon
15%
Leipzig
15%
Manhattan Project
15%
Masonry
15%
Naples
15%
Riflemen
15%
Ulundi
15%
Alphabet
14%
Communism
14%
Cruiser
14%
Diplomat
14%
Horseback Riding
14%
Ironclad
14%
Legion
14%
Transport
14%
Astronomy
13%
Coal (Hills)
13%
Electricity
13%
Factory
13%
Flight
13%
Nanking
13%
Palace
13%
Samarkand
13%
Steel
13%
Chivalry
12%
Gems (Jungle)
12%
Horses (Plains)
12%
Oil (Swamp)
12%
Religion
12%
Artillery
11%
Courthouse
11%
Oasis (Desert)
11%
The Wheel
11%
Zimbabwe
11%
Apollo Program
10%
Arctic
10%
Caravan
10%
Construction
10%
Darwin's Voyage
10%
Dover
10%
Feudalism
10%
Heliopolis
10%
Hoover Dam
10%
Mapmaking
10%
Metallurgy
10%
Navigation
10%
Power Plant
10%
Space Flight
10%
The Republic
10%
Tours
10%
United Nations
10%
Uruk
10%
Women's Suffrage
10%
Caesarea
9%
Electronics
9%
Engineering
9%
Industrialization
9%
J.S.Bach's Cathedral
9%
Lyons
9%
Mass Transit
9%
Recycling
9%
Smolensk
9%
Currency
8%
Delphi
8%
Literacy
8%
Mech. Inf.
8%
Physics
8%
Railroad
8%
Trade
8%
Advanced Flight
7%
Automobile
7%
Byzantium
7%
Chemistry
7%
Combustion
7%
Computers
7%
Conscription
7%
Cure for Cancer
7%
Gaza
7%
Isaac Newton's College
7%
Nuclear Fission
7%
Nuclear Plant
7%
Philosophy
7%
SETI Program
7%
Banking
6%
Bokhara
6%
Bridge Building
6%
Ceremonial Burial
6%
Game (Forest)
6%
Game (Tundra)
6%
Mass Production
6%
Michelangelo's Chapel
6%
Plastics
6%
Rocketry
6%
Tsingtao
6%
Ashur
5%
Atomic Theory
5%
Chartres
5%
Future Tech
5%
Hydro Plant
5%
Magellan's Expedition
5%
Mysticism
5%
Recycling Center
5%
Steam Engine
5%
Bapedi
4%
Code of Laws
4%
Eretria
4%
Labor Union
4%
Magnetism
4%
Medicine
4%
Mfg. Plant
4%
SDI Defense
4%
Shakespeare's Theatre
4%
Copernicus' Observatory
3%
Explosives
3%
Fusion Power
3%
Invention
3%
Kashgar
3%
Mecca
3%
Nicopolis
3%
Ninevah
3%
Nishapur
3%
Oryx
3%
Robotics
3%
Tyre
3%
Ayontzinco
2%
Chapultapec
2%
Chiauhtia
2%
Coatepec
2%
Genetic Engineering
2%
Hlobane
2%
Nuclear Power
2%
Refining
2%
Sidon
2%
Superconductor
2%
Seals (Arctic)
1%
Tarsus
1%
Theory of Gravity
1%
Isandhlwala
0%
The Corporation
0%
No matching quizzes found
Score Distribution
Percent of People with Each Score
Percentile by Number Answered
Your Score History
You have not taken this quiz